4004-北九州高速鉄道の駅 - Statistics

General Stats
  • This quiz has been taken 86 times
  • The average score is 10 of 13
Answer Stats
本線 % Correct
小倉
100%
平和通
89%
企救丘
88%
旦過
84%
城野
82%
香春口三萩野
79%
競馬場前
75%
徳力公団前
72%
志井
72%
徳力嵐山口
65%
守恒
63%
片野
61%
北方
61%
No matching quizzes found
Score Distribution
Percent of People with Each Score
Percentile by Number Answered
Your Score History
You have not taken this quiz